Fiatalkori bűnözés alakulása Magyarországon a rendszerváltást követően

Elmentve itt :
Bibliográfiai részletek
Szerző: Bánki-Horváth Erika
További közreműködők: Zsolczai István (Témavezető)
Dokumentumtípus: Szakdolgozat
Megjelent: 2012
Tárgyszavak:
Online Access:http://diploma.bibl.u-szeged.hu/92629
LEADER 00685nta a2200181 i 4500
001 dipl92629
005 20210623082945.0
008 200818s2012 hu om 0|| zxx d
040 |a SZTE Diploma Repozitórium  |b hun 
041 |a zxx 
100 2 |a Bánki-Horváth Erika 
245 1 0 |a Fiatalkori bűnözés alakulása Magyarországon a rendszerváltást követően  |h [elektronikus dokumentum] /  |c Erika Bánki-Horváth 
260 |c 2012 
650 4 |a Orvos- és egészségtudományok 
650 4 |a Medical and health sciences 
650 4 |a Health sciences 
700 1 |a Zsolczai István  |e ths 
856 4 0 |u http://diploma.bibl.u-szeged.hu/id/eprint/92629/1/2011_banki_horvath_erika.pdf  |z Dokumentum-elérés